Gminy w powiecie rypińskim - Statystyki

Ogólne statystyki
  • Ten quiz został rozwiązany 11 razy
  • Średni wynik to 5 z 6
Statystyki odpowiedzi
Gminy % Poprawnych
Rypin
90%
Rypin / Miasto Rypin
90%
Wąpielsk
80%
Brzuze
70%
Rogowo
70%
Skrwilno
70%
Nie znaleziono quizów pasujących do podanych kryteriów
Rozkład punktacji
Procent ludzi z każdym wynikiem
Percentyl według liczby udzielonych odpowiedzi
Twoja historia wyników
Nie rozwiązałeś tego quizu